| 000 | 00830nam a2200229Ii 4500 | ||
|---|---|---|---|
| 003 | JO-AjNU | ||
| 008 | 230605s9999||||xx |||||||||||||| ||und|| | ||
| 017 | _a2008/9/3235 | ||
| 020 | _a9957-16-479-9 | ||
| 040 |
_aJO-AjNU _bara _erda _cJO-AjNU |
||
| 041 | _aara | ||
| 050 | 1 | 4 | _aK579.L5.M85.2009 |
| 100 | 3 |
_a ملوكي ، إياد عبد الجبار , _eauthor _912516 |
|
| 245 | 0 | 0 | _aالمسؤولية عن الأشياء وتطبيقها على الأشخاص المعنوية بوجة خاص " دراسة مقارنة" |
| 250 | _aط1 | ||
| 264 | 3 | 1 | _aعمان : دار الثقافة ، 2009 |
| 300 | _a351ص | ||
| 336 |
_atext _btxt _2rdacontent |
||
| 337 |
_aunmediated _bn _2rdamedia |
||
| 338 |
_avolume _bnc _2rdacarrier |
||
| 650 | 4 |
_aالمسؤولية القانونية -- الملكية الفكرية _912517 |
|
| 999 |
_aA2875 _c6443 _d6443 |
||